000 01104 a2200229 4500
003 Nust
005 20220803153007.0
010 _a 99519262
020 _a9056995022
035 _a(OCoLC)ocm37214927
040 _cNust
082 _a621.31921,DEV
245 1 0 _aDevelopment and applications of free electron lasers /
_cedited by Jia-er Chen ... [et al.].
260 _aAmsterdam :
_bGordon and Breach Science Publishers,
_cc1997.
300 _axiii, 154 p. :
_bill. ;
_c24 cm.
490 1 _aChina Center of Advanced Science and Technology (World Laboratory) Symposium/Workshop proceedings,
_x0894-2536 ;
_vv. 12
505 _aHigh Brightness Beams And Applications (Page-1), Applications Of Free-Electron Lasers (Page-49), Free Electron Laser Research In China (Page-61), Infrared Free-Electron Lasers (Page-79), New Intense Electron Beam Generation (Page-117), Free Electron Lasers (Page-133).
650 0 _aTelecommunication Engineering.
700 1 _aChen, Jia-er.
_996464
856 4 2 _3Publisher description
_uhttp://www.loc.gov/catdir/enhancements/fy0731/99519262-d.html
942 _cREF
_2ddc
999 _c175538
_d175538